Elementary educator's guide to primary sources : (Record no. 84243)
[ view plain ]
| 000 -LEADER | |
|---|---|
| fixed length control field | 02180cam a2200409 i 4500 |
| 001 - CONTROL NUMBER | |
| control field | GVRL83VQ |
| 003 - CONTROL NUMBER IDENTIFIER | |
| control field | MiFhGG |
| 005 - DATE AND TIME OF LATEST TRANSACTION | |
| control field | 20250820004432.0 |
| 006 - FIXED-LENGTH DATA ELEMENTS--ADDITIONAL MATERIAL CHARACTERISTICS | |
| fixed length control field | m o d |
| 007 - PHYSICAL DESCRIPTION FIXED FIELD--GENERAL INFORMATION | |
| fixed length control field | cr un ---uuuua |
| 008 - FIXED-LENGTH DATA ELEMENTS--GENERAL INFORMATION | |
| fixed length control field | 181019t20192019caua ob 001 0 eng d |
| 020 ## - INTERNATIONAL STANDARD BOOK NUMBER | |
| International Standard Book Number | 9781440863875 |
| Qualifying information | (electronic book) |
| 020 ## - INTERNATIONAL STANDARD BOOK NUMBER | |
| Canceled/invalid ISBN | 9781440863868 |
| Qualifying information | (paperback : alkaline paper) |
| 035 ## - SYSTEM CONTROL NUMBER | |
| System control number | (OCoLC)1060183904 |
| 040 ## - CATALOGING SOURCE | |
| Original cataloging agency | MiFhGG |
| Language of cataloging | eng |
| Transcribing agency | MiFhGG |
| Description conventions | rda |
| -- | pn |
| 050 #4 - LIBRARY OF CONGRESS CALL NUMBER | |
| Classification number | LB1570 |
| Item number | .B63 2019 |
| 100 1# - MAIN ENTRY--PERSONAL NAME | |
| Personal name | Bober, Tom, |
| Relator term | author. |
| 245 10 - TITLE STATEMENT | |
| Title | Elementary educator's guide to primary sources : |
| Remainder of title | strategies for teaching / |
| Statement of responsibility, etc. | Tom Bober. |
| 264 #1 - PRODUCTION, PUBLICATION, DISTRIBUTION, MANUFACTURE, AND COPYRIGHT NOTICE | |
| Place of production, publication, distribution, manufacture | Santa Barbara, California : |
| Name of producer, publisher, distributor, manufacturer | Libraries Unlimited, an imprint of ABC-CLIO, LLC, |
| Date of production, publication, distribution, manufacture, or copyright notice | [2019] |
| 264 #4 - PRODUCTION, PUBLICATION, DISTRIBUTION, MANUFACTURE, AND COPYRIGHT NOTICE | |
| Date of production, publication, distribution, manufacture, or copyright notice | �2019 |
| 300 ## - PHYSICAL DESCRIPTION | |
| Extent | 1 online resource (xiv, 167 pages) : |
| Other physical details | illustrations |
| 336 ## - CONTENT TYPE | |
| Content type term | text |
| Content type code | txt |
| Source | rdacontent |
| 337 ## - MEDIA TYPE | |
| Media type term | computer |
| Media type code | c |
| Source | rdamedia |
| 338 ## - CARRIER TYPE | |
| Carrier type term | online resource |
| Carrier type code | cr |
| Source | rdacarrier |
| 490 0# - SERIES STATEMENT | |
| Series statement | Gale eBooks |
| 504 ## - BIBLIOGRAPHY, ETC. NOTE | |
| Bibliography, etc. note | Includes bibliographical references and index. |
| 505 0# - FORMATTED CONTENTS NOTE | |
| Formatted contents note | ch. 1. An introduction to primary sources -- ch. 2. Analyzing primary sources in the elementary grades -- ch. 3. Selecting primary sources -- ch. 4. Connecting primary sources to content curriculum -- ch. 5. Assuring success with primary source analysis : teacher tips. |
| 520 ## - SUMMARY, ETC. | |
| Summary, etc. | Focusing on student analysis of primary sources, this book explores several proven analysis strategies that elementary educators can use when teaching their students, including methods from the Library of Congress, the Stanford History Education Group, and Harvard's Project Zero. |
| 588 ## - SOURCE OF DESCRIPTION NOTE | |
| Source of description note | Description based on print version record. |
| 650 #0 - SUBJECT ADDED ENTRY--TOPICAL TERM | |
| Topical term or geographic name entry element | Education, Elementary |
| General subdivision | Curricula |
| Geographic subdivision | United States. |
| 650 #0 - SUBJECT ADDED ENTRY--TOPICAL TERM | |
| Topical term or geographic name entry element | Elementary school teaching |
| Geographic subdivision | United States. |
| 710 2# - ADDED ENTRY--CORPORATE NAME | |
| Corporate name or jurisdiction name as entry element | Gale (Firm) |
| 776 08 - ADDITIONAL PHYSICAL FORM ENTRY | |
| Relationship information | Print version: |
| Title | Elementary educator's guide to primary sources. |
| Place, publisher, and date of publication | Santa Barbara, California : Libraries Unlimited, an imprint of ABC-CLIO, LLC, [2019] |
| International Standard Book Number | 9781440863868 |
| Record control number | (DLC) 2018035842 |
| 856 40 - ELECTRONIC LOCATION AND ACCESS | |
| Uniform Resource Identifier | <a href="https://link.gale.com/apps/pub/83VQ/GVRL?sid=gale_marc&u=phurs">https://link.gale.com/apps/pub/83VQ/GVRL?sid=gale_marc&u=phurs</a> |
| Public note | Available via Gale eBooks. Click here to access |
| 912 ## - | |
| -- | 83VQ |
| 942 ## - ADDED ENTRY ELEMENTS (KOHA) | |
| Source of classification or shelving scheme | Library of Congress Classification |
| Koha item type | E-Book |
| Withdrawn status | Source of classification or shelving scheme | Damaged status | Not for loan | Home library | Current library | Date acquired | Total Checkouts | Date last seen | Price effective from | Koha item type |
|---|---|---|---|---|---|---|---|---|---|---|
| Library of Congress Classification | E-Books Gale | E-Books Gale | 08/19/2025 | 08/19/2025 | 08/19/2025 | E-Book |